000 00323nam a2200133Ia 4500
008 231129s1985||||xx |||||||||||||| ||spa||
040 _bspa
082 _a930 B419h
100 _aBehaline de Cendales Lind Gladys
245 0 _aHistoria antigua
260 _c1985
264 _aUniversidad Santo Tomas
942 _2ddc
_cBKS
999 _c15052
_d15052